LED prípravok pre meranie účinnosti solárnych článkov

Saved in:
Bibliographic Details
Main Author: Kázmér, Daniel (Author)
Other Authors: Kováč, Jaroslav (Thesis advisor)
Format: Manuscript Book
Language:Slovak
Published: Bratislava : STU v Bratislave FEI, 2020
Subjects:
Online Access:https://opac.crzp.sk/?fn=detailBiblioForm&sid=23A5A917B76C11E740ACE980CF65&seo=CRZP-detail-kniha
Tags: Add Tag
No Tags, Be the first to tag this record!

MARC

LEADER 00000ntm a22000003a 4500
001 stuzp74022
003 SK-STU
005 20200730102112.3
007 ta
008 150427s2015----xo-----f-mn---000-0-slo-d
040 |a STU  |b slo 
041 0 |a slo 
044 |a xo 
100 1 |a Kázmér, Daniel  |u 033000  |4 aut  |U FEI Fakulta elektrotechniky a informatiky  |T FEI Ústav elektroniky a fotoniky  |X 80583  |U E030  |Y 549  |7 80583 
242 0 1 |a LED fixture for solar cells effectivity measurement  |y eng 
245 1 0 |a LED prípravok pre meranie účinnosti solárnych článkov 
260 |c Bratislava :  |c STU v Bratislave FEI,  |c 2020 
300 |a 49 s. 
650 4 |a výstupný žiarivý lúč  |2 slo 
650 4 |a Solárny simulátor  |2 slo 
650 4 |a homogenita spektra  |2 slo 
650 4 |a homogenita výkonu  |2 slo 
650 4 |a Solar simulator  |2 eng 
650 4 |a spectrum homogeneity  |2 eng 
650 4 |a radiant beam output  |2 eng 
650 4 |a power homogeneity  |2 eng 
700 1 |a Kováč, Jaroslav  |u 033000  |k Z1  |4 ths  |U FEI Fakulta elektrotechniky a informatiky  |T FEI Ústav elektroniky a fotoniky  |X 42526  |U E030  |Y 549  |7 A000042526 
856 4 |u https://opac.crzp.sk/?fn=detailBiblioForm&sid=23A5A917B76C11E740ACE980CF65&seo=CRZP-detail-kniha